LEADER 01246nam0-22003851--450- 001 990004086020403321 005 20160905111221.0 010 $a88-382-3529-5 035 $a000408602 035 $aFED01000408602 035 $a(Aleph)000408602FED01 035 $a000408602 100 $a19990604e19861985km-y0itay50------ba 101 1 $aita 102 $aIT 105 $ay-------001yy 200 1 $a<>soprannaturale e la religione popolare nel medioevo$fRaoul Manselli 210 $aRoma$cEdizioni Studium$cc1985$dristampa 1986 215 $aXVII, 150 p.$d21 cm 225 1 $aReligione e società$v13 454 0$12001$a<> religion populaire au moyen âge. Problemes de méthode et d'histoire$918082 610 0 $aCristianesimo e religione popolare 610 0 $aReligione popolare$aMetodi storici$aSec. 10.-15. 676 $a398.2 676 $a306.609 700 1$aManselli,$bRaoul$f<1917-1984>$0153506 801 0$aIT$bUNINA$gRICA$2UNIMARC 901 $aBK 912 $a990004086020403321 952 $a306.6 SOP 1$bDFM. 2478$fFLFBC 952 $aIII LL 49$b630$fDCEC 959 $aFLFBC 959 $aDCEC 996 $aReligion populaire au moyen âge. Problemes de méthode et d'histoire$918082 997 $aUNINA LEADER 00931nas 2200373 c 450 001 9910893182403321 005 20260218110302.0 035 $a(CKB)5280000000192503 035 $a(DE-101)1062891015 035 $a(DE-599)ZDB2802460-6 035 $a(DE-599)2802460-6 035 $a(EXLCZ)995280000000192503 100 $a20141201b19201922 |y | 101 0 $afre 135 $aur||||||||||| 181 $ctxt$2rdacontent 182 $cc$2rdamedia 183 $acr$2rdacarrier 200 00$aAction$ecahiers individualistes de philosophie et d'art 210 31$aParis$d1920-1922 215 $aOnline-Ressource 311 08$a1144-9977 517 $aAction 608 $aZeitschrift$2gnd-content 676 $a100 676 $a700 686 $a9,10$2ssgn 801 0$b0016 801 1$bDE-101 801 2$b4011 906 $aJOURNAL 912 $a9910893182403321 996 $aAction$9877510 997 $aUNINA